[Event "HUN-chT2 Toth 1718"]
[Site "Hungary"]
[Date "2017.12.17"]
[Round "6.10"]
[White "Gulyas, Zoltan"]
[Black "Biro, Istvan1111"]
[Result "1/2-1/2"]
[WhiteElo "2038"]
[BlackElo "1970"]
[PlyCount "54"]
[EventDate "2017.09.24"]
[EventType "team-tourn"]
[EventRounds "11"]
[EventCountry "HUN"]
[SourceTitle "EXT 2021"]
[Source "ChessBase"]
[SourceDate "2020.10.23"]
[SourceVersion "1"]
[SourceVersionDate "2020.10.23"]
[SourceQuality "1"]
[WhiteTeam "Ujszasz"]
[BlackTeam "Oroshaza"]
[WhiteTeamCountry "HUN"]
[BlackTeamCountry "HUN"]

1. d4 d5 2. Nf3 Nf6 3. Bf4 e6 4. e3 Bd6 5. Bg5 Be7 6. a3 0-0 7. c4 c5 8. dxc5 Bxc5 9. Nc3 dxc4 10. Bxc4 Qxd1+ 11. Rxd1 a6 12. Bd3 Nbd7 13. Ke2 b5 14. Ne4 Be7 15. Nxf6+ Nxf6 16. Ne5 Bb7 17. f3 Rfd8 18. Ng4 Nd5 19. Bxe7 Nxe7 20. Rd2 Kf8 21. Rhd1 h6 22. Nf2 Rac8 23. Be4 Bd5 24. Bxd5 Rxd5 25. Rxd5 Nxd5 26. Nd3 Ke7 27. Rc1 Rxc1 1/2-1/2

[Event "HUN-chT2 Toth 1516"]
[Site "Hungary"]
[Date "2015.09.13"]
[Round "1.6"]
[White "Nagy, Sandor"]
[Black "Gulyas, Zoltan"]
[Result "1/2-1/2"]
[WhiteElo "2112"]
[BlackElo "2048"]
[PlyCount "24"]
[EventDate "2015.09.13"]
[EventType "team-tourn"]
[EventRounds "11"]
[EventCountry "HUN"]
[SourceTitle "CBM 170 Extra"]
[Source "ChessBase"]
[SourceDate "2016.02.25"]
[SourceVersion "1"]
[SourceVersionDate "2016.02.25"]
[SourceQuality "1"]
[WhiteTeam "Gyula"]
[BlackTeam "Ujszasz"]
[WhiteTeamCountry "HUN"]
[BlackTeamCountry "HUN"]

1. d4 d5 2. c4 e6 3. Nc3 Nf6 4. Bg5 Be7 5. Nf3 b6 6. cxd5 exd5 7. e3 0-0 8. Bd3 Bb7 9. 0-0 Nbd7 10. Rc1 a6 11. Bb1 Re8 12. Qb3 Nf8 1/2-1/2

[Event "HUN-chT2 Toth 1415"]
[Site "Hungary"]
[Date "2015.04.26"]
[Round "11.9"]
[White "Pasztorcsik, Janos"]
[Black "Gulyas, Zoltan"]
[Result "1/2-1/2"]
[WhiteElo "2011"]
[BlackElo "2036"]
[PlyCount "25"]
[EventDate "2014.09.07"]
[EventType "team-tourn"]
[EventRounds "11"]
[EventCountry "HUN"]
[SourceTitle "EXT 2016"]
[Source "ChessBase"]
[SourceDate "2015.10.08"]
[SourceVersion "1"]
[SourceVersionDate "2015.10.08"]
[SourceQuality "1"]
[WhiteTeam "Oroshaza"]
[BlackTeam "Ujszasz"]
[WhiteTeamCountry "HUN"]
[BlackTeamCountry "HUN"]

1. d4 d5 2. Bg5 c6 3. Nf3 g6 4. Nc3 Bg7 5. Qd2 Nd7 6. h4 h5 7. e4 Ndf6 8. Bd3 dxe4 9. Bxe4 Nxe4 10. Nxe4 Bf5 11. Ng3 Qd5 12. Nxf5 Qxf5 13. 0-0-0 1/2-1/2

[Event "HUN-chT2 Toth 1314"]
[Site "Hungary"]
[Date "2014.02.16"]
[Round "7.9"]
[White "Kiss, Balazs1111"]
[Black "Gulyas, Zoltan"]
[Result "1-0"]
[WhiteElo "2047"]
[BlackElo "2066"]
[PlyCount "77"]
[EventDate "2013.09.08"]
[EventType "team-tourn"]
[EventRounds "11"]
[EventCountry "HUN"]
[SourceTitle "EXT 2016"]
[Source "ChessBase"]
[SourceDate "2015.10.08"]
[SourceVersion "1"]
[SourceVersionDate "2015.10.08"]
[SourceQuality "1"]
[WhiteTeam "Oroshaza"]
[BlackTeam "Ujszasz"]
[WhiteTeamCountry "HUN"]
[BlackTeamCountry "HUN"]

1. d4 Nf6 2. Bg5 b6 3. Bxf6 exf6 4. c4 Bb7 5. Nc3 f5 6. e3 g6 7. Nf3 Bg7 8. Bd3 d6 9. h4 Nd7 10. h5 Qe7 11. hxg6 hxg6 12. Rxh8+ Bxh8 13. Qe2 0-0-0 14. 0-0-0 Nf6 15. Qc2 Kb8 16. d5 Ng4 17. Kb1 c6 18. dxc6 Bxc6 19. Re1 Bxc3 20. bxc3 Bxf3 21. gxf3 Ne5 22. f4 Ng4 23. Qd2 Rh8 24. e4 Qf6 25. f3 Rh2 26. Re2 Rxe2 27. Bxe2 Nh6 28. Qd4 Ng8 29. e5 dxe5 30. fxe5 Qe7 31. f4 Nh6 32. Bf3 Kc7 33. Qd5 Qd7 34. Qa8 Qd3+ 35. Kb2 Qd2+ 36. Kb3 Qxf4 37. Qb7+ Kd8 38. Bc6 Qd2 39. Qb8+ 1-0

[Event "HUN-chT2 Erkel 1112"]
[Site "Hungary"]
[Date "2012.02.19"]
[Round "6.10"]
[White "Gulyas, Zoltan"]
[Black "Kalmar, Karoly"]
[Result "1-0"]
[WhiteElo "2061"]
[BlackElo "1998"]
[PlyCount "113"]
[EventDate "2011.09.25"]
[EventType "team-tourn"]
[EventRounds "11"]
[EventCountry "HUN"]
[SourceTitle "EXT 2013"]
[Source "ChessBase"]
[SourceDate "2012.11.22"]
[SourceVersion "1"]
[SourceVersionDate "2012.11.22"]
[SourceQuality "1"]
[WhiteTeam "Ujszasz"]
[BlackTeam "Dunaharaszti"]
[WhiteTeamCountry "HUN"]
[BlackTeamCountry "HUN"]

1. d4 d5 2. Nf3 Nf6 3. e3 c6 4. c4 a6 5. Nc3 g6 6. Qb3 Bg7 7. Be2 0-0 8. 0-0 b5 9. cxd5 cxd5 10. a4 bxa4 11. Rxa4 Bd7 12. Ra3 e6 13. Ne5 Nc6 14. Nxc6 Bxc6 15. Bxa6 Rb8 16. Qc2 Qb6 17. Bd3 Rfc8 18. Ra2 Ra8 19. Rxa8 Rxa8 20. Bd2 Bf8 21. Rb1 Bb4 22. Ne2 Ba4 23. b3 Bd7 24. f3 Rc8 25. Qb2 Ra8 26. Bxb4 Qxb4 27. Qc3 Rb8 28. Qxb4 Rxb4 29. Nc3 Kf8 30. Kf2 Ke7 31. Ke2 Ne8 32. Kd2 Nc7 33. Rb2 Kd6 34. Na2 Rb7 35. e4 Bb5 36. b4 f6 37. Nc3 Bxd3 38. Kxd3 Nb5 39. Nxb5+ Rxb5 40. Kc3 dxe4 41. fxe4 f5 42. Kc4 Rb7 43. e5+ Kc6 44. Ra2 Kb6 45. Ra5 Rc7+ 46. Rc5 Ra7 47. Rb5+ Kc6 48. Ra5 Rb7 49. Ra6+ Kd7 50. Rd6+ Ke7 51. b5 g5 52. b6 Rb8 53. Rc6 h5 54. Rc7+ Kd8 55. Kc5 f4 56. Rg7 Rc8+ 57. Kd6 1-0

[Event "HUN-chT2 Erkel 0809"]
[Site "Hungary"]
[Date "2009.01.11"]
[Round "5.8"]
[White "Mester, Attila"]
[Black "Gulyas, Zoltan"]
[Result "1/2-1/2"]
[WhiteElo "2116"]
[BlackElo "2095"]
[PlyCount "40"]
[EventDate "2008.10.26"]
[EventType "team-tourn"]
[EventRounds "11"]
[EventCountry "HUN"]
[SourceTitle "EXT 2010"]
[Source "ChessBase"]
[SourceDate "2010.11.25"]
[SourceVersion "1"]
[SourceVersionDate "2010.11.25"]
[SourceQuality "1"]
[WhiteTeam "PSE II"]
[BlackTeam "Ujszasz"]
[WhiteTeamCountry "HUN"]
[BlackTeamCountry "HUN"]

1. e4 e6 2. d3 d5 3. Nd2 c5 4. Ngf3 Nc6 5. g3 Nf6 6. Bg2 Be7 7. 0-0 0-0 8. Re1 d4 9. e5 Nd7 10. h4 Qc7 11. Qe2 b5 12. Nf1 Bb7 13. Bf4 Nb4 14. N3h2 Nd5 15. Bd2 a5 16. Ng4 Rfe8 17. h5 h6 18. Bxh6 gxh6 19. Nxh6+ Kg7 20. Ng4 Rh8 1/2-1/2

[Event "HUN-chT2 Erkel 0809"]
[Site "Hungary"]
[Date "2008.11.30"]
[Round "3.7"]
[White "Gulyas, Zoltan"]
[Black "Gruz, Janos"]
[Result "1-0"]
[WhiteElo "2095"]
[BlackElo "2037"]
[PlyCount "73"]
[EventDate "2008.10.26"]
[EventType "team-tourn"]
[EventRounds "11"]
[EventCountry "HUN"]
[SourceTitle "EXT 2010"]
[Source "ChessBase"]
[SourceDate "2010.11.25"]
[SourceVersion "1"]
[SourceVersionDate "2010.11.25"]
[SourceQuality "1"]
[WhiteTeam "Ujszasz"]
[BlackTeam "Foti"]
[WhiteTeamCountry "HUN"]
[BlackTeamCountry "HUN"]

1. d4 d5 2. Nf3 e6 3. e3 c6 4. b3 Bd6 5. Bb2 f5 6. Nbd2 Nf6 7. Bd3 0-0 8. c4 Bd7 9. h3 Ne4 10. 0-0 Be8 11. Ne5 Nd7 12. f4 Ndf6 13. Kh2 Bh5 14. Ndf3 Bxe5 15. dxe5 Ng4+ 16. hxg4 fxg4 17. Bxe4 Qe7 18. Qe1 dxe4 19. Qh4 Qe8 20. Nd4 Bg6 21. Ba3 Rf7 22. Bd6 Bf5 23. Rh1 h6 24. Kg3 Rd8 25. c5 Kh7 26. b4 Rc8 27. a4 a6 28. Rhb1 Rd7 29. Qh1 Kg8 30. Qf1 Qh5 31. Qc4 g5 32. Rh1 gxf4+ 33. exf4 Qg6 34. Nxf5 Qxf5 35. Rxh6 Rf7 36. Rf1 Rd8 37. Qxe6 1-0